000 00425nam a2200181Ia 4500
001 9101
005 20260306160658.0
008 260306t2013||||xx |||||||||||||| ||spa||
041 _aESP
082 _a372.634
_bC95
100 _aCuetos Vega, Fernando
_eAUT
245 0 _aPsicologĂ­a de la escritura
260 _c2013
300 _a147 páginas :
_c24 cm.
650 _aGEN
654 _aCED
942 _cLIB
_dJUS
_fJUS
_2ddc
_n
999 _c9101
_d9101